000 00708nam a22002537a 4500
008 130630b xxu||||| |||| 00| 0 eng d
020 _a978-81-272-5763-7
024 _cAvailable
037 _cAvailable
040 _aMBSTU LIBRARY
_dMBSTU LIBRARY
082 _222
_a630 SIP
100 _aSingh, B.D.
245 _aPlant breeding: principles and methods.
250 _a8th
260 _aNew Delhi
_bKalyani Publishers.
_c1983
300 _a21 cm.
_bxxxiv, 889 page
_f3
_g21 cm.
600 _2Plant culture.
650 _2Plant culture.
700 _aSingh, B.D.
270 _aNew Delhi
_bNew Delhi
_dIndia
365 _b467.00
_d467.00
942 _2ddc
_cBK
999 _c545
_d545